Art theraphy : a handbook
| Main Author: | |
|---|---|
| Other Authors: | |
| Format: | Book |
| Published: |
Buckingham :
University Press ,
1992
|
| Subjects: |
MARC
| LEADER | 00000cam a2200000 7i4500 | ||
|---|---|---|---|
| 001 | 0000002660 | ||
| 002 | 000002888 | ||
| 005 | 20000330.0 | ||
| 020 | |a 0335098851 | ||
| 090 | 0 | 0 | |a 616.891656 |b WAL |
| 100 | 1 | |a Walker, Diane Elizabeth | |
| 245 | 1 | 0 | |a Art theraphy : |b a handbook |c Diane Elizabeth |
| 260 | |a Buckingham : |b University Press , |c 1992 | ||
| 300 | |a 258p. ; |c 22cm. | ||
| 650 | 0 | 0 | |a Art theraphy |
| 700 | 1 | |a Gilroy, Andrea | |
| 999 | |a 036071 |b BUKU |c PINJAMAN |e PERPUSTAKAAN KOMUNITI PETALING JAYA | ||